000 00443nam a22001337a 4500
999 _c19006
_d19006
008 210629b xxu||||| |||| 00| 0 eng d
020 _a1979425919
050 _aHG178.3
_b.S55 2017 c.1
100 _aSilverman, Siegfried
245 _aMicrofinance
_ba textbook of microfinance for schools, colleges and practitioners
_cSiegfried Silverman
260 _aGhana
_bSiegfried Silverman publications
_c2017
300 _av, 366p.
942 _2lcc
_cBK